[Event "Seoul op"]
[Site "Seoul"]
[Date "2008.12.04"]
[Round "8"]
[White "Lee, Kiyul"]
[Black "Chung, Soonhun"]
[Result "1-0"]
[WhiteElo "1952"]
[BlackElo "1828"]
[PlyCount "145"]
[EventDate "2008.12.01"]
[EventType "swiss"]
[EventRounds "9"]
[EventCountry "KOR"]
[SourceTitle "EXT 2010"]
[Source "ChessBase"]
[SourceDate "2010.11.25"]
[SourceVersion "1"]
[SourceVersionDate "2010.11.25"]
[SourceQuality "1"]

1. e4 e5 2. Nf3 Nf6 3. Nc3 Nc6 4. Bc4 Bc5 5. d3 d6 6. h3 Na5 7. Bb3 Nxb3 8. axb3 Bd7 9. 0-0 a6 10. Be3 Bxe3 11. fxe3 0-0 12. Kh2 Bc6 13. Qe2 Qe7 14. Nh4 g6 15. Qf2 Nh5 16. Rg1 Ng7 17. g4 Rae8 18. Raf1 Qg5 19. Rg2 a5 20. Rfg1 Re6 21. Nf5 Kh8 22. h4 Qd8 23. Nh6 b6 24. Rf1 f5 25. Kg1 Ref6 26. g5 Re6 27. Nd5 Bxd5 28. exd5 Ree8 29. e4 f4 30. Qd2 Nh5 31. Rf3 Qe7 32. Qd1 Qg7 33. Rff2 Qd7 34. Qg4 Qxg4 35. Nxg4 Kg7 36. Rf1 Re7 37. Kf2 f3 38. Rh2 Rf4 39. Rg1 Ref7 40. Rh3 Rf8 41. Nh2 R4f7 42. Rf1 Rf4 43. Re1 h6 44. Re3 c5 45. Rexf3 hxg5 46. hxg5 Rxf3+ 47. Rxf3 Nf4 48. Ng4 Nh3+ 49. Kg3 Rxf3+ 50. Kxf3 Nxg5+ 51. Kg3 Nh7 52. Ne3 Kf6 53. Nc4 Ke7 54. Nxb6 Nf6 55. Nc4 Nh5+ 56. Kf3 Nf6 57. Nxa5 g5 58. Nc6+ Kd7 59. b4 cxb4 60. Nxb4 Kc7 61. Nc6 Kb6 62. Nd8 Kc5 63. Ne6+ Kb4 64. Nxg5 Nd7 65. Nf7 Kc5 66. Kg4 Nb8 67. c3 Na6 68. b4+ Nxb4 69. cxb4+ Kxb4 70. Nxe5 dxe5 71. Kf5 Kc3 72. Kxe5 Kxd3 73. d6 1-0

[Event "WMSG Rapid Team 1st"]
[Site "Beijing"]
[Date "2008.10.16"]
[Round "8"]
[White "Abdulwahhab, Ahmed Abdulsattar"]
[Black "Chung, Soonhun"]
[Result "0-1"]
[WhiteElo "2246"]
[BlackElo "1828"]
[PlyCount "126"]
[EventDate "2008.10.14"]
[EventType "team (rapid)"]
[EventRounds "9"]
[EventCountry "CHN"]
[SourceTitle "CBM 126 Extra"]
[Source "ChessBase"]
[SourceDate "2008.11.05"]
[SourceVersion "1"]
[SourceVersionDate "2008.11.05"]
[SourceQuality "1"]

1. e4 e6 2. d4 d5 3. Nc3 dxe4 4. Nxe4 Nd7 5. Nf3 Ngf6 6. Nxf6+ Nxf6 7. c3 Be7 8. Bd3 0-0 9. Qe2 c5 10. dxc5 Bxc5 11. Bg5 h6 12. Bh4 Be7 13. 0-0-0 Qa5 14. Kb1 Bd7 15. Ne5 Ba4 16. Rd2 Rad8 17. f4 Rfe8 18. Re1 Bc6 19. Bxf6 Bxf6 20. Ng4 Be7 21. Red1 Qc7 22. g3 a5 23. Ne5 Bf6 24. Ng4 Be7 25. Bc2 a4 26. Ne5 Bf6 27. Nxc6 Qxc6 28. a3 Rxd2 29. Rxd2 Rc8 30. Qd3 b5 31. Qd7 Qc5 32. Qd3 g6 33. Qe4 Qg1+ 34. Ka2 Rc4 35. Qg2 Qc5 36. Qf2 Rxc3 37. Qxc5 Rxc5 38. Kb1 e5 39. Rd6 Kg7 40. fxe5 Bxe5 41. Rb6 Rd5 42. Rb7 h5 43. b3 axb3 44. Bxb3 Rd2 45. Rxf7+ Kh6 46. Bc2 Rxh2 47. Re7 Rh1+ 48. Ka2 Ra1+ 49. Kb3 Rxa3+ 50. Kxa3 Bd6+ 51. Kb3 Bxe7 52. Bd3 b4 53. Be2 Bd6 54. g4 h4 55. Kc4 Kg5 56. Kd5 Bf8 57. Ke4 b3 58. Kf3 b2 59. Bd3 Bd6 60. Bc2 h3 61. Bb1 h2 62. Kg2 Kf6 63. Bc2 g5 0-1

[Event "WMSG Blitz Team 1st"]
[Site "Beijing"]
[Date "2008.10.13"]
[Round "9"]
[White "Chung, Soonhun"]
[Black "Abdulwahhab, Ahmed Abdulsattar"]
[Result "0-1"]
[WhiteElo "1828"]
[BlackElo "2246"]
[PlyCount "48"]
[EventDate "2008.10.13"]
[EventType "tourn (blitz)"]
[EventRounds "11"]
[EventCountry "CHN"]
[SourceTitle "CBM 126 Extra"]
[Source "ChessBase"]
[SourceDate "2008.11.05"]
[SourceVersion "1"]
[SourceVersionDate "2008.11.05"]
[SourceQuality "1"]

1. e4 c5 2. Nf3 e6 3. d4 cxd4 4. Nxd4 Nf6 5. Nc3 Nc6 6. Be3 Bb4 7. Qd3 Qa5 8. Ndb5 0-0 9. f3 d5 10. 0-0-0 a6 11. Nd4 Bxc3 12. bxc3 dxe4 13. fxe4 Rd8 14. Bg5 Qxg5+ 15. Kb1 e5 16. Nxc6 Rxd3 17. Rxd3 Be6 18. Ne7+ Kf8 19. Nd5 Nxe4 20. h4 Qd8 21. Nb4 Qb6 22. Ka1 Nf2 23. Rg1 Nxd3 24. Bxd3 Qxg1+ 0-1